| 000 | 00785nam a22001937a 4500 | ||
|---|---|---|---|
| 999 |
_c56803 _d56803 |
||
| 003 | Ge_BSU | ||
| 005 | 20190430153839.0 | ||
| 008 | 190430b2019 ||||| |||| 00| 0 geo d | ||
| 020 | _a9789941809422 | ||
| 041 | _ageo | ||
| 080 | _a821.353.1-31 კ-87 | ||
| 100 |
_aკუდბა ,ანზორ _9548 |
||
| 245 |
_aჩრდილს ნუ მომიკლავთ! : _bრომანი / _cანზორ კუდბა ; რედ : გენრიეტა ქუთათელაძე |
||
| 264 |
_aთბილისი : _bივერიონი, _c2019. |
||
| 300 |
_a576 გვ . ; _c21 სმ. |
||
| 653 | _aრომანი | ||
| 700 |
_aქუთათელაძე , გენრიეტა _eრედაქტორი _9549 |
||
| 942 |
_2udc _cBK |
||